000 00441nam a2200157 i 4500
001 25418
003 ES-MaACL
005 20230906153249.0
007 t|
008 021226s1932 gt ||||1| spa d
100 1 _aArgüello, Santiago.
_922720
245 1 0 _aSexta conferencia
_b: La traición /
_cSantiago Argüello.
260 _aGuatemala :
_b[s.n.,
_c1932] (
_fImp. Nacional)
300 _a32 p. ;
_c19 cm.
852 _aES-MaACL
_j1790-F-9
999 _c25418
_d25418